<?xml version="1.0" encoding="UTF-8"?>
<record
    xmlns:xsi="http://www.w3.org/2001/XMLSchema-instance"
    xsi:schemaLocation="http://www.loc.gov/MARC21/slim http://www.loc.gov/standards/marcxml/schema/MARC21slim.xsd"
    xmlns="http://www.loc.gov/MARC21/slim">

  <leader>01868cam a2200553 a 4500</leader>
  <datafield tag="999" ind1=" " ind2=" ">
    <subfield code="c">23188</subfield>
    <subfield code="d">23188</subfield>
  </datafield>
  <controlfield tag="001">vtls001484245</controlfield>
  <controlfield tag="005">20220421130512.0</controlfield>
  <controlfield tag="008">171201s2003    xo ob  grn    00000dslo  </controlfield>
  <datafield tag="020" ind1=" " ind2=" ">
    <subfield code="a">8088993709</subfield>
    <subfield code="q">(viazan&#xE9;)</subfield>
  </datafield>
  <datafield tag="035" ind1=" " ind2=" ">
    <subfield code="a">SNK000439539</subfield>
  </datafield>
  <datafield tag="040" ind1=" " ind2=" ">
    <subfield code="a">SNK</subfield>
    <subfield code="b">slo</subfield>
    <subfield code="c">SNK</subfield>
    <subfield code="e">AACR2</subfield>
  </datafield>
  <datafield tag="041" ind1="1" ind2=" ">
    <subfield code="a">slo</subfield>
    <subfield code="h">eng</subfield>
  </datafield>
  <datafield tag="044" ind1=" " ind2=" ">
    <subfield code="a">xo</subfield>
    <subfield code="c">SK</subfield>
  </datafield>
  <datafield tag="072" ind1=" " ind2="7">
    <subfield code="a">2</subfield>
    <subfield code="x">N&#xE1;bo&#x17E;enstvo</subfield>
    <subfield code="2">konspekt</subfield>
  </datafield>
  <datafield tag="080" ind1=" " ind2=" ">
    <subfield code="a">091.13(=411.16)</subfield>
    <subfield code="2">2011</subfield>
  </datafield>
  <datafield tag="080" ind1=" " ind2=" ">
    <subfield code="a">27-788.435</subfield>
    <subfield code="2">2011</subfield>
  </datafield>
  <datafield tag="080" ind1=" " ind2=" ">
    <subfield code="a">316.722(3)</subfield>
    <subfield code="2">2011</subfield>
  </datafield>
  <datafield tag="080" ind1=" " ind2=" ">
    <subfield code="a">251</subfield>
    <subfield code="2">2011</subfield>
  </datafield>
  <datafield tag="080" ind1=" " ind2=" ">
    <subfield code="a">(5-15)</subfield>
    <subfield code="2">2011</subfield>
  </datafield>
  <datafield tag="080" ind1=" " ind2=" ">
    <subfield code="a">(0.062)</subfield>
    <subfield code="2">2011</subfield>
  </datafield>
  <datafield tag="080" ind1=" " ind2=" ">
    <subfield code="a">061.251</subfield>
    <subfield code="2">2011</subfield>
  </datafield>
  <datafield tag="080" ind1=" " ind2=" ">
    <subfield code="a">2-5</subfield>
    <subfield code="2">2011</subfield>
  </datafield>
  <datafield tag="080" ind1=" " ind2=" ">
    <subfield code="a">091"652"</subfield>
    <subfield code="2">2011</subfield>
  </datafield>
  <datafield tag="080" ind1=" " ind2=" ">
    <subfield code="a">2-252</subfield>
    <subfield code="2">2011</subfield>
  </datafield>
  <datafield tag="080" ind1=" " ind2=" ">
    <subfield code="a">27-874</subfield>
    <subfield code="2">2011</subfield>
  </datafield>
  <datafield tag="100" ind1="1" ind2=" ">
    <subfield code="a">Knight, Chris,</subfield>
    <subfield code="d">1950-</subfield>
    <subfield code="4">aut</subfield>
    <subfield code="9">2825</subfield>
  </datafield>
  <datafield tag="240" ind1="1" ind2="4">
    <subfield code="a">The Hiram key</subfield>
    <subfield code="l">Slovensky</subfield>
  </datafield>
  <datafield tag="245" ind1="1" ind2="0">
    <subfield code="a">Ch&#xED;ramov k&#x13E;&#xFA;&#x10D;</subfield>
    <subfield code="b">fara&#xF3;ni, slobodomur&#xE1;ri a objav tajn&#xFD;ch zvitkov</subfield>
    <subfield code="c">Chris Knight, Robert Lomas ; [z anglick&#xE9;ho origin&#xE1;lu prelo&#x17E;ila Zuzana Ladzianska]</subfield>
  </datafield>
  <datafield tag="250" ind1=" " ind2=" ">
    <subfield code="a">1. vyd.</subfield>
  </datafield>
  <datafield tag="260" ind1=" " ind2=" ">
    <subfield code="a">Bratislava</subfield>
    <subfield code="b">Remedium</subfield>
    <subfield code="c">2003</subfield>
  </datafield>
  <datafield tag="300" ind1=" " ind2=" ">
    <subfield code="a">416 str&#xE1;n, 16 ne&#x10D;&#xED;slovan&#xFD;ch str&#xE1;n obrazov&#xFD;ch pr&#xED;loh</subfield>
    <subfield code="b">fotografie, mapy</subfield>
    <subfield code="c">21 cm</subfield>
  </datafield>
  <datafield tag="500" ind1=" " ind2=" ">
    <subfield code="a">Obsahuje biografick&#xE9; &#xFA;daje</subfield>
  </datafield>
  <datafield tag="600" ind1="0" ind2="7">
    <subfield code="a">Je&#x17E;i&#x161; Kristus</subfield>
    <subfield code="2">SNKMA</subfield>
    <subfield code="9">2826</subfield>
  </datafield>
  <datafield tag="630" ind1="0" ind2="7">
    <subfield code="a">Kumr&#xE1;nske zvitky</subfield>
    <subfield code="2">SNKPH</subfield>
    <subfield code="9">2827</subfield>
  </datafield>
  <datafield tag="650" ind1="0" ind2="7">
    <subfield code="a">slobodomur&#xE1;rstvo</subfield>
    <subfield code="2">SNKPH</subfield>
    <subfield code="9">2828</subfield>
  </datafield>
  <datafield tag="650" ind1="0" ind2="7">
    <subfield code="a">templ&#xE1;ri</subfield>
    <subfield code="2">SNKPH</subfield>
    <subfield code="9">2829</subfield>
  </datafield>
  <datafield tag="650" ind1="0" ind2="7">
    <subfield code="a">starovek&#xE9; civiliz&#xE1;cie</subfield>
    <subfield code="2">SNKPH</subfield>
    <subfield code="9">2830</subfield>
  </datafield>
  <datafield tag="650" ind1="0" ind2="7">
    <subfield code="a">egyptsk&#xE9; n&#xE1;bo&#x17E;enstvo</subfield>
    <subfield code="2">SNKPH</subfield>
    <subfield code="9">2831</subfield>
  </datafield>
  <datafield tag="650" ind1="0" ind2="7">
    <subfield code="a">ritu&#xE1;ly a obrady</subfield>
    <subfield code="2">SNKPH</subfield>
    <subfield code="9">2832</subfield>
  </datafield>
  <datafield tag="650" ind1="0" ind2="7">
    <subfield code="a">starovek&#xE9; rukopisy</subfield>
    <subfield code="2">SNKPH</subfield>
    <subfield code="9">2833</subfield>
  </datafield>
  <datafield tag="650" ind1="0" ind2="7">
    <subfield code="a">apokryfy</subfield>
    <subfield code="2">SNKPH</subfield>
    <subfield code="9">2834</subfield>
  </datafield>
  <datafield tag="650" ind1="0" ind2="7">
    <subfield code="a">gnosticizmus</subfield>
    <subfield code="2">SNKPH</subfield>
    <subfield code="9">2835</subfield>
  </datafield>
  <datafield tag="651" ind1=" " ind2="7">
    <subfield code="a">Bl&#xED;zky v&#xFD;chod</subfield>
    <subfield code="2">SNKPHgeo</subfield>
    <subfield code="9">2836</subfield>
  </datafield>
  <datafield tag="655" ind1=" " ind2="7">
    <subfield code="a">popul&#xE1;rno-n&#xE1;u&#x10D;n&#xE9; publik&#xE1;cie</subfield>
    <subfield code="2">SNKPH</subfield>
    <subfield code="9">1486</subfield>
  </datafield>
  <datafield tag="700" ind1="1" ind2=" ">
    <subfield code="a">Lomas, Robert,</subfield>
    <subfield code="d">1947-</subfield>
    <subfield code="4">aut</subfield>
    <subfield code="9">2837</subfield>
  </datafield>
  <datafield tag="700" ind1="1" ind2=" ">
    <subfield code="a">Ladzianska, Zuzana</subfield>
    <subfield code="4">trl</subfield>
    <subfield code="9">2838</subfield>
  </datafield>
  <datafield tag="958" ind1=" " ind2=" ">
    <subfield code="a">NB</subfield>
  </datafield>
  <datafield tag="958" ind1=" " ind2=" ">
    <subfield code="a">OP</subfield>
  </datafield>
  <datafield tag="952" ind1=" " ind2=" ">
    <subfield code="0">0</subfield>
    <subfield code="1">0</subfield>
    <subfield code="2">udc</subfield>
    <subfield code="4">0</subfield>
    <subfield code="7">0</subfield>
    <subfield code="8">D</subfield>
    <subfield code="a">10000</subfield>
    <subfield code="b">10000</subfield>
    <subfield code="d">2022-04-21</subfield>
    <subfield code="i">21535</subfield>
    <subfield code="l">6</subfield>
    <subfield code="m">1</subfield>
    <subfield code="o">S1508</subfield>
    <subfield code="p">S1508</subfield>
    <subfield code="r">2025-11-21</subfield>
    <subfield code="s">2025-11-03</subfield>
    <subfield code="w">2022-04-21</subfield>
    <subfield code="y">OLDO</subfield>
  </datafield>
</record>
